Contribución al estudio del movimiento estacionario de los hilos inextensibles (Record no. 138905)

MARC details
000 -LEADER
campo de control de longitud fija 00856nam a2200193 4500
001 - NÚMERO DE CONTROL
campo de control 138905
003 - IDENTIFICADOR DE NÚMERO DE CONTROL
campo de control ES-MaACL
005 - FECHA Y HORA DE LA ÚLTIMA TRANSACCIÓN
campo de control 20250903024554.0
007 - CAMPO FIJO DE DESCRIPCIÓN FÍSICA--INFORMACIÓN GENERAL
campo de control de longitud fija t|
008 - DATOS DE LONGITUD FIJA--INFORMACIÓN GENERAL
campo de control de longitud fija 070214s1946 sp r ||||1| spa d
100 1# - ENTRADA PRINCIPAL--NOMBRE DE PERSONA
Nombre de persona Sanvicens Marfull, Francisco.
9 (RLIN) 103554
245 10 - MENCIÓN DEL TÍTULO
Título Contribución al estudio del movimiento estacionario de los hilos inextensibles
Resto del título : memoria presentada para aspirar al grado de Doctor en Ciencias Exactas /
Mención de responsabilidad, etc. por Francisco Sanvicens Marfull.
260 ## - PUBLICACIÓN, DISTRIBUCIÓN, ETC.
Lugar de publicación, distribución, etc. Barcelona :
Nombre del editor, distribuidor, etc. [s. n.],
Fecha de publicación, distribución, etc. 1946 (
Fabricante Imp. Escuela Casa Provincial de Caridad)
300 ## - DESCRIPCIÓN FÍSICA
Extensión 62 p. :
Otras características físicas il. ;
Dimensiones 25 cm.
500 ## - NOTA GENERAL
Nota general Precede al tít.: Consejo Superior de Investigaciones Científicas. Seminario Matemático de Barcelona.
710 2# - ENTRADA AGREGADA--NOMBRE DE ENTIDAD CORPORATIVA
Nombre de entidad corporativa o nombre de jurisdicción como elemento de entrada Universidad de Barcelona.
Unidad subordinada Seminario Matemático
9 (RLIN) 6564
852 ## - LOCALIZACIÓN
Ubicación ES-MaACL
Número de control de estantería 1881-F-10
Sublocalización o colección R.25698
Holdings
Estatus retirado Estado de pérdida Estado de daño No para préstamo Colección Biblioteca de origen Biblioteca actual Ubicación en estantería Fecha de adquisición Fuente de adquisición Total de préstamos Signatura topográfica completa Código de barras Visto por última vez Precio de reemplazo Tipo de ítem Koha
        Colección de folletos Biblioteca del Ateneo de Madrid Biblioteca del Ateneo de Madrid Depósito folletos 17/01/2008     1881-F-10 1144547 23/02/2023 23/02/2023 Folleto